International relations in South Asia : (Record no. 188)

000 -LEADER
fixed length control field 00636nam a22002054a 4500
001 - CONTROL NUMBER
control field 188
003 - CONTROL NUMBER IDENTIFIER
control field BD-DhUET
008 - FIXED-LENGTH DATA ELEMENTS--GENERAL INFORMATION
fixed length control field 080718s2008 cau b 001 0 eng
020 ## - INTERNATIONAL STANDARD BOOK NUMBER
International Standard Book Number 9788178298702
040 ## - CATALOGING SOURCE
Original cataloging agency DLC
Transcribing agency DLC
Modifying agency BD-DhUET
082 00 - DEWEY DECIMAL CLASSIFICATION NUMBER
Classification number 327.54
Item number BEH`/2008
245 00 - TITLE STATEMENT
Title International relations in South Asia :
Remainder of title search for an alternative paradigm /
Statement of responsibility, etc. edited by Navnita Chadha Behera
250 ## - EDITION STATEMENT
Edition statement 1st ed.
260 ## - PUBLICATION, DISTRIBUTION, ETC. (IMPRINT)
Place of publication, distribution, etc. New Delhi :
Name of publisher, distributor, etc. Sage Publications,
Date of publication, distribution, etc. 2008.
300 ## - PHYSICAL DESCRIPTION
Extent vi, 342 p. ;
Dimensions 22 cm.
504 ## - BIBLIOGRAPHY, ETC. NOTE
Bibliography, etc Includes bibliographies
650 #0 - SUBJECT ADDED ENTRY--TOPICAL TERM
Topical term or geographic name as entry element South Asia-Politics and government
700 1# - ADDED ENTRY--PERSONAL NAME
Personal name Behera, Navnita Chadha.
942 ## - ADDED ENTRY ELEMENTS (KOHA)
Koha item type Edited Book
Holdings
Koha date last borrowed Source of classification or shelving scheme Not for loan Copy number Sublocation or collection (holding branch) Damaged status Koha normalized classification for sorting Koha item type Location (home branch) Withdrawn status Piece designation (barcode) Koha date last seen Date acquired Shelving location Koha issues (times borrowed) Price effective from Lost status Koha full call number
2021-09-01  1Central Library, BUET 327_000000000000000_54BEH2008Edited BookCentral Library, BUET 1083042021-09-012014-07-16Circulation section12014-07-16 327.54/BEH/2008
   2Central Library, BUET 327_000000000000000_54BEH2008Edited BookCentral Library, BUET 1083052014-07-162014-07-16Circulation section 2014-07-16 327.54/BEH/2008